| 000 | 01176cas a2200253 a 4500 | ||
|---|---|---|---|
| 005 | 20171124163119.0 | ||
| 008 | 810716c19819999ne sx p 0 a0eng c | ||
| 022 | _a0167-6369 | ||
| 040 |
_aOCoB _cOCoB _dDLC _dNST _dDLC _dNSDP _dNST _dOCoLC _dNST _dOCoLC _dNST _dAIP _dNST _dAIP _dNST _dNSDP _dDNLM _dNST _dNSDP _dNST _dNSDP _dNST _dDLC _dNSDP _dMiU _dDNAL _dMH _dOCoLC _dCU-S _dDNLM _dHkUST _dDLC _dOCoLC _dDNLM _dGU _dNYDWH _dOCoLC _dUKMGB _dOrPS _dInU _dOCoLC _dOCLCF _dBEDGE _dOCLCO _dOCoLC _dCO-BoIAVH |
||
| 041 | 0 | _aspa | |
| 090 | _aSE | ||
| 245 | 0 | 0 | _aEnvironmental monitoring and assessment. |
| 260 |
_aDordrecht, (Holanda) ; _aBoston (EE.UU.) : _bD. Reidel Pub. Co., _c©1981- |
||
| 300 |
_bilustraciones ; _c24 cm |
||
| 310 |
_b2004- _ae |
||
| 321 | _b1981-2003 | ||
| 510 | 2 |
_aChemical abstracts _x0009-2258 |
|
| 650 | 2 | 6 |
_aVigilancia ambiental _vPublicaciones periódicas |
| 650 | 2 | 6 |
_aPolución _xMedición _vPublicaciones periódicas |
| 650 | 2 | 6 |
_aMedio ambiente _xContaminates _xAnálisis _vPublicaciones periódicas |
| 650 | 2 | 6 | _aProtección ambiental |
| 776 | 1 |
_tEnvironmental monitoring and assessment (Online) _w(DLC) 2004233251 _w(OCoLC)41559970 |
|
| 942 |
_2z _cREVISTA |
||
| 999 |
_c16892 _d16892 |
||